| 000 | 00556nam a2200181 a 4500 | ||
|---|---|---|---|
| 001 | 831 | ||
| 003 | CDMR | ||
| 005 | 20131014123955.0 | ||
| 008 | 130130s1978||||||||||||||||||||||||||||d | ||
| 020 | _a8485553004 | ||
| 040 |
_aCDMR _bcat _cCDMR |
||
| 100 | 1 |
_aBlanco Vila, Luís _9653 |
|
| 245 | 1 | 3 |
_aEl Correo Gallego _b: cien años de aportación a la historia (1878-1978) _cLuis Blanco Vila ; prólogo de Eugenio Montes |
| 260 |
_aMadrid _c1978 _bEditorial Compostela |
||
| 300 |
_a464 p. _bil b/n |
||
| 610 | 2 |
_93400 _aCorreo Gallego _xHistòria |
|
| 942 |
_cMON _2udc |
||
| 999 |
_c831 _d831 |
||